Top 10 Marvel Heros - Statistics

General Stats
  • This quiz has been taken 45 times
  • The average score is 4 of 10
Answer Stats
Name Hero % Correct
Tony Stark Iron-Man
100%
Peter Parker Spider-Man
95%
Miles Morales Spider Man
95%
Bruce Banner Hulk
86%
Jane Foster Thor
33%
Bobby Drake Ice Man
21%
Steve Rogers Captain Amerika
2%
Douglas Ramsey Cypher
2%
Jean Grey Phenix
2%
Stepher Strange Doktor Strange
0%
No matching quizzes found
Score Distribution
Percent of People with Each Score
Percentile by Number Answered
Your Score History
You have not taken this quiz